<?xml version="1.0" encoding="UTF-8"?>
<collection xmlns="http://www.loc.gov/MARC21/slim">
 <record>
  <leader>00815pamaa2200229   4500</leader>
  <controlfield tag="001">0000049118</controlfield>
  <controlfield tag="005">20121206090000.0</controlfield>
  <controlfield tag="008">110608                             eng  </controlfield>
  <datafield tag="020" ind1="0" ind2="1">
   <subfield code="a">9780205011902 / 020501190x </subfield>
  </datafield>
  <datafield tag="082" ind1=" " ind2=" ">
   <subfield code="a">973 OUT 2012</subfield>
  </datafield>
  <datafield tag="090" ind1="0" ind2="0">
   <subfield code="a">E178.1 </subfield>
   <subfield code="b">OUT 2012</subfield>
  </datafield>
  <datafield tag="245" ind1="1" ind2="0">
   <subfield code="a">Out of many : </subfield>
   <subfield code="b">a history of the american people : </subfield>
   <subfield code="b">a history of the american people : </subfield>
   <subfield code="b">Vol. 2  </subfield>
   <subfield code="c">John Mack Faragher...[et al.].</subfield>
  </datafield>
  <datafield tag="250" ind1="0" ind2="0">
   <subfield code="a">7th ed.</subfield>
  </datafield>
  <datafield tag="260" ind1="0" ind2="0">
   <subfield code="a">New Jersey: </subfield>
   <subfield code="b">Prentice Hall, </subfield>
   <subfield code="c">2012.</subfield>
  </datafield>
  <datafield tag="300" ind1=" " ind2=" ">
   <subfield code="a">xlvi, 459-945p.[86]: </subfield>
   <subfield code="b">col. ill.; </subfield>
   <subfield code="c">28cm.</subfield>
  </datafield>
  <datafield tag="500" ind1="0" ind2="0">
   <subfield code="a">Vol. 2 - Chapter 17-31</subfield>
  </datafield>
  <datafield tag="500" ind1="0" ind2="0">
   <subfield code="a">Vol. 1 - Chapter 1 - 16</subfield>
  </datafield>
  <datafield tag="501" ind1="0" ind2="0">
   <subfield code="a">AUP</subfield>
  </datafield>
  <datafield tag="504" ind1="0" ind2="0">
   <subfield code="a">Includes bibliographical references and index</subfield>
  </datafield>
  <datafield tag="650" ind1="0" ind2="0">
   <subfield code="a">United States -- </subfield>
   <subfield code="x">History -- </subfield>
   <subfield code="x">Textbooks </subfield>
  </datafield>
  <datafield tag="700" ind1="1" ind2="1">
   <subfield code="a">FARAGHER, </subfield>
   <subfield code="h">John Mack </subfield>
  </datafield>
  <datafield tag="901" ind1=" " ind2=" ">
   <subfield code="u">http://prenhall.com</subfield>
  </datafield>
 </record>
</collection>
